000 00395 a2200157 4500
001 70648
020 _a8526006819
040 _cAnchieta - Itaigara
100 _aSociedade Brasileira para o Progresso da Ciência
240 1 0 _aCiência hoje na escola
_lpor
245 1 0 _aCiência hoje na escola
300 _a80
362 0 _a1998
650 4 _aCiências naturais e matemática
942 _cBK
999 _c70648
_d70648